[Event "Superettan(Kristallen-Farsta)"]
[Site "?"]
[Date "2024.03.08"]
[Round "7"]
[White "Ljung, Harald"]
[Black "Namini, Armin"]
[Result "0-1"]
[WhiteElo "2120"]
[BlackElo "2168"]
[PlyCount "66"]
[SourceVersionDate "2024.03.16"]

1. d4 Nf6 2. c4 g6 3. Nf3 Bg7 4. g3 O-O 5. Bg2 d6 6. Nc3 c5 7. dxc5 dxc5 8. O-O
Nc6 9. Be3 Be6 10. Qa4 Nd4 11. Bxd4 cxd4 12. Nb5 d3 13. exd3 Qxd3 14. Ne5 Qf5
15. Rfe1 Rad8 16. Qxa7 Ng4 17. Nxg4 Qxg4 18. Re4 Rd1+ 19. Re1 Rxa1 20. Rxa1 Rd8
21. Bd5 Bxb2 22. Qa5 Rxd5 23. cxd5 Bxa1 24. Qd8+ Kg7 25. dxe6 Qxe6 26. Nc7 Qe1+
27. Kg2 Qe4+ 28. Kf1 h5 29. Qd7 Bd4 30. Nb5 Qh1+ 31. Ke2 Qe4+ 32. Kf1 Bc5 33.
h4 Qc2 0-1

[Event "Superettan(Schack 08-Burgsvik)"]
[Site "?"]
[Date "2024.03.08"]
[Round "7"]
[White "Fraenkel, Mikael"]
[Black "Lofgren, Vide"]
[Result "0-1"]
[WhiteElo "1925"]
[BlackElo "1824"]
[PlyCount "72"]
[SourceVersionDate "2024.03.14"]

1. e4 b6 2. d4 Bb7 3. Nc3 e6 4. Bd3 Ne7 5. Nge2 d6 6. O-O Nd7 7. f4 a6 8. a4 c5
9. f5 exf5 10. exf5 Nf6 11. Bg5 d5 12. Ng3 Qd6 13. Bf4 Qd7 14. Be5 Nc6 15. Bxf6
gxf6 16. Nh5 Be7 17. dxc5 bxc5 18. Qe2 Ne5 19. b3 Rg8 20. Nf4 d4 21. Ne4 Qc6
22. h3 O-O-O 23. Rf2 Bf8 24. Nh5 Nd7 25. Qd2 Re8 26. Re1 Bd6 27. Qh6 Be5 28. g4
Nb6 29. Qxh7 Nd5 30. Qxf7 Rgf8 31. Qh7 Rh8 32. Qf7 Rhf8 33. Qg6 Rg8 34. Qh6 Rh8
35. Qd2 Reg8 36. Kh1 Ne3 0-1

[Event "Superettan(Rockaden, Sthlm II-Skara)"]
[Site "?"]
[Date "2024.03.08"]
[Round "7"]
[White "Johansson, Per"]
[Black "Bryntze, Stefan"]
[Result "0-1"]
[WhiteElo "1790"]
[BlackElo "2182"]
[PlyCount "50"]
[SourceVersionDate "2024.03.15"]

1. d4 d5 2. Nc3 Nf6 3. Bf4 c6 4. Qd2 Bf5 5. f3 e6 6. g4 Bg6 7. h4 h5 8. g5 Nfd7
9. e4 Bb4 10. Bg2 O-O 11. Nge2 c5 12. exd5 exd5 13. a3 cxd4 14. axb4 dxc3 15.
Qxc3 Re8 16. Kf2 Nc6 17. Qd2 Rc8 18. c3 Nxb4 19. Bh3 Nd3+ 20. Kf1 Qb6 21. Bg3
Rcd8 22. b4 N7e5 23. Nd4 Nc4 24. Qh2 Re7 25. Bf5 Ne3+ 0-1

[Event "Superettan(Kristallen-Farsta)"]
[Site "?"]
[Date "2024.03.08"]
[Round "7"]
[White "Lindeman, Sven"]
[Black "Gamback, Bjorn"]
[Result "0-1"]
[WhiteElo "2156"]
[BlackElo "2031"]
[PlyCount "90"]
[SourceVersionDate "2024.03.16"]

1. e4 c5 2. Nf3 d6 3. d4 Nf6 4. Nc3 cxd4 5. Nxd4 g6 6. Be3 Bg7 7. f3 Nc6 8. Qd2
O-O 9. O-O-O Nxd4 10. Bxd4 Be6 11. Kb1 Qc7 12. h4 Rfc8 13. h5 Qa5 14. hxg6 hxg6
15. a3 Rab8 16. Bd3 Bc4 17. Qe3 b5 18. e5 dxe5 19. Bxe5 Rb6 20. Bxc4 bxc4 21.
Qd4 Re6 22. f4 Qb6 23. Qd2 Qb7 24. Rh3 Rb6 25. Rdh1 Rxb2+ 26. Ka1 Qb3 27. cxb3
Rxd2 28. b4 Rcd8 29. Nb5 R8d7 30. g4 R2d3 31. R3h2 a6 32. Nc3 Rd2 33. Rh4 R7d3
34. Kb1 Rg2 35. g5 Nh5 36. Bxg7 Kxg7 37. Rc1 Rd4 38. a4 Rdd2 39. Nd1 Rg1 40.
Ne3 Rxc1+ 41. Kxc1 Rd3 42. Nc2 Ng3 43. a5 Ne2+ 44. Kb2 Rb3+ 45. Ka2 Nc3+ 0-1

[Event "Superettan(Rockaden, Sthlm II-Skara)"]
[Site "?"]
[Date "2024.03.08"]
[Round "7"]
[White "Svorono, Gabriel"]
[Black "Cederqvist, Niclas"]
[Result "1/2-1/2"]
[WhiteElo "2126"]
[BlackElo "1941"]
[PlyCount "52"]
[SourceVersionDate "2024.03.15"]

1. d4 d5 2. Bf4 Nf6 3. e3 c6 4. c4 e6 5. Nc3 Bd6 6. Bxd6 Qxd6 7. Nf3 O-O 8. c5
Qe7 9. Be2 Nbd7 10. O-O e5 11. b4 exd4 12. exd4 Ne4 13. Rc1 Ndf6 14. Re1 Nxc3
15. Rxc3 Ne4 16. Rc1 Ng5 17. Bd3 Qf6 18. Nxg5 Qxg5 19. Re5 Qf6 20. Qh5 g6 21.
Qh6 Bd7 22. h4 Rfe8 23. Rce1 Rxe5 24. Rxe5 Re8 25. Rxe8+ Bxe8 26. Qe3 Bd7
1/2-1/2

[Event "Superettan(Kristallen-Farsta)"]
[Site "?"]
[Date "2024.03.08"]
[Round "7"]
[White "Persson, Andreas"]
[Black "Stavenberg, Karl"]
[Result "1-0"]
[WhiteElo "2126"]
[BlackElo "2121"]
[PlyCount "165"]
[SourceVersionDate "2024.03.16"]

1. d4 d5 2. Nf3 c6 3. g3 Nf6 4. Bg2 Bf5 5. c4 e6 6. Nc3 h6 7. Qb3 Qb6 8. c5 Qc7
9. Bf4 Qc8 10. Nd2 Be7 11. e4 Bg6 12. O-O O-O 13. Rfe1 Rd8 14. e5 Nfd7 15. Qd1
b6 16. b4 a5 17. a3 Na6 18. Qb3 Rb8 19. Qa4 Qb7 20. Bf1 Ra8 21. b5 Nab8 22.
cxb6 c5 23. Nf3 Bh5 24. Be2 Qxb6 25. Be3 Bxf3 26. Bxf3 Ra7 27. Qd1 cxd4 28.
Bxd4 Bc5 29. Na4 Qxb5 30. Be2 Qc6 31. Rc1 Bxd4 32. Rxc6 Nxc6 33. Bb5 Ndxe5 34.
Kg2 Rb7 35. Ba6 Ra7 36. Bf1 Nc4 37. Qc1 Ne7 38. Rd1 e5 39. Nc3 Nd6 40. Nb5 Nxb5
41. Bxb5 Rc8 42. Qb1 Rac7 43. Ba6 Ra8 44. Bd3 g6 45. Rc1 Rxc1 46. Qxc1 e4 47.
Bb5 Kg7 48. Qc7 Bf6 49. a4 h5 50. Bd7 d4 51. Kf1 d3 52. Ke1 Nd5 53. Qc6 Bc3+
54. Kf1 Rb8 55. Qxd5 Rb1+ 56. Kg2 d2 57. Be8 Kh8 58. Qa8 d1=Q 59. Bxf7+ Kg7 60.
Qg8+ Kf6 61. Qxg6+ Ke7 62. Qe6+ Kd8 63. Qe8+ Kc7 64. Qe7+ Qd7 65. Qxe4 Rb4 66.
Qf3 Bd4 67. Qxh5 Kb6 68. Be8 Qd6 69. f4 Rb2+ 70. Kh3 Bg1 71. Kg4 Qd1+ 72. Kg5
Qxh5+ 73. Bxh5 Rxh2 74. f5 Kc7 75. f6 Kd8 76. g4 Bd4 77. Kg6 Rf2 78. g5 Rg2 79.
Kf5 Be3 80. g6 Rg5+ 81. Ke6 Rxh5 82. g7 Rg5 83. f7 1-0

[Event "Superettan(SS 4 Springare-Lulea)"]
[Site "?"]
[Date "2024.03.08"]
[Round "7"]
[White "Varga, Zoltan"]
[Black "Peng, Li Min"]
[Result "0-1"]
[WhiteElo "2366"]
[BlackElo "2575"]
[PlyCount "83"]
[SourceVersionDate "2024.03.15"]

1. e4 Nc6 2. Nf3 e5 3. Bb5 f5 4. Nc3 fxe4 5. Nxe4 d5 6. Nc3 Bg4 7. h3 Bxf3 8.
Qxf3 Nf6 9. Qf5 Kf7 10. Bxc6 bxc6 11. O-O Bd6 12. d3 Rf8 13. Bg5 Kg8 14. Qe6+
Kh8 15. Na4 Qb8 16. b3 Qb4 17. c3 Qb5 18. c4 Qb4 19. h4 Rae8 20. Qh3 h6 21.
Rae1 e4 22. Bxf6 Rxf6 23. Re2 Rfe6 24. Rd1 Re5 25. d4 R5e6 26. c5 Bf8 27. f4 g6
28. Qc3 a5 29. Qxb4 axb4 30. Kf2 Rf6 31. Ke3 g5 32. hxg5 hxg5 33. fxg5 Rf5 34.
Rh1+ Kg7 35. Rf2 Rxg5 36. Rh3 Be7 37. Nb2 Rg6 38. Nd1 Rh6 39. Ke2 Ra8 40. Rf7+
Kxf7 41. Rxh6 Rxa2+ 42. Ke1 0-1

[Event "Superettan(Upsala-Helsingborg)"]
[Site "?"]
[Date "2024.03.08"]
[Round "7"]
[White "Sylvan, Jacob"]
[Black "Sittenfeld, Johan"]
[Result "0-1"]
[WhiteElo "2321"]
[BlackElo "2135"]
[PlyCount "118"]
[SourceVersionDate "2024.03.16"]

1. d4 Nf6 2. Nf3 e6 3. g3 c5 4. Bg2 cxd4 5. O-O d5 6. Nxd4 e5 7. Nb3 Nc6 8. Bg5
Be6 9. Nc3 d4 10. Ne4 Be7 11. Nec5 Bc8 12. e3 O-O 13. exd4 exd4 14. Re1 h6 15.
Bf4 Qb6 16. Nd3 Re8 17. h3 Be6 18. Bd2 Rac8 19. Nbc1 Nd5 20. a3 Bf6 21. Ne2 Na5
22. Nef4 Nxf4 23. Nxf4 Nc4 24. Nxe6 Nxb2 25. Qh5 Rxe6 26. Bd5 Rxe1+ 27. Rxe1
Qc7 28. Rb1 d3 29. cxd3 Re8 30. Bf4 Qd7 31. Qf3 Rd8 32. Bc4 Bd4 33. Be3 b6 34.
Bxd4 Qxd4 35. Rc1 Nxd3 36. Bxd3 Qxd3 37. Rc3 Qxf3 38. Rxf3 Rd1+ 39. Kg2 Kf8 40.
Rc3 Ke7 41. Rc7+ Rd7 42. Rc6 Kd8 43. Rc3 Rc7 44. Rd3+ Kc8 45. h4 Kb7 46. f4 Ka6
47. h5 Ka5 48. g4 f6 49. Kg3 b5 50. g5 fxg5 51. fxg5 hxg5 52. Kg4 Ka4 53. Kxg5
a5 54. Kg6 b4 55. axb4 axb4 56. Rd4 Ka3 57. Rd8 b3 58. Ra8+ Kb4 59. Rb8+ Kc3
0-1

[Event "Superettan(SS 4 Springare-Lulea)"]
[Site "?"]
[Date "2024.03.08"]
[Round "7"]
[White "Galperin, Platon"]
[Black "Mikheev, Stanislav"]
[Result "1-0"]
[WhiteElo "2556"]
[BlackElo "2235"]
[PlyCount "91"]
[SourceVersionDate "2024.03.15"]

1. d4 Nf6 2. c4 g6 3. Nc3 d5 4. h4 c6 5. cxd5 cxd5 6. Bf4 Nc6 7. e3 Bg7 8. Be2
h6 9. Nf3 Bg4 10. Qb3 Qb6 11. Qxb6 axb6 12. Ne5 Bxe2 13. Kxe2 O-O 14. Rhc1 Rfc8
15. f3 e6 16. g4 Bf8 17. Nb5 Nxe5 18. Bxe5 Ne8 19. a3 f6 20. Bg3 Kf7 21. Kd3
Ke7 22. h5 g5 23. e4 dxe4+ 24. fxe4 Kd7 25. e5 Rxc1 26. Rxc1 Bg7 27. exf6 Bxf6
28. Rf1 Ra4 29. b3 Ra8 30. a4 Ke7 31. Nd6 Rd8 32. Nxe8 Rxe8 33. Bd6+ Kxd6 34.
Rxf6 Kd5 35. Rxh6 Rf8 36. Rg6 Rf3+ 37. Ke2 Rxb3 38. Rxg5+ Ke4 39. Re5+ Kxd4 40.
Rxe6 b5 41. axb5 Rxb5 42. h6 Rb3 43. g5 Rh3 44. Re8 Rh2+ 45. Kd1 Kd3 46. Rd8+
1-0

[Event "Superettan(Upsala-Helsingborg)"]
[Site "?"]
[Date "2024.03.08"]
[Round "7"]
[White "Johansson, Jan"]
[Black "Semcesen, Daniel"]
[Result "1-0"]
[WhiteElo "2279"]
[BlackElo "2459"]
[PlyCount "53"]
[SourceVersionDate "2024.03.16"]

1. d4 d5 2. Nf3 Nf6 3. c4 c6 4. Nc3 a6 5. a4 g6 6. Bf4 Bg7 7. e3 O-O 8. Qb3 b6
9. cxd5 cxd5 10. Rc1 Bb7 11. Be2 Nc6 12. O-O Rc8 13. Ne5 e6 14. Nxc6 Rxc6 15.
Na2 Nd7 16. Rxc6 Bxc6 17. Bd6 Re8 18. Nb4 Qa8 19. Rc1 Bb7 20. Rc7 Nf6 21. Nd3
Ne4 22. Qxb6 Nxd6 23. Qxd6 Bf8 24. Qb6 Re7 25. Rxe7 Bxe7 26. b4 Bd8 27. Qd6 1-0

[Event "Superettan(SS 4 Springare-Lulea)"]
[Site "?"]
[Date "2024.03.08"]
[Round "7"]
[White "Ernst, Thomas"]
[Black "Sivuk, Vitaly"]
[Result "0-1"]
[WhiteElo "2298"]
[BlackElo "2502"]
[PlyCount "242"]
[SourceVersionDate "2024.03.15"]

1. e4 e5 2. Nf3 Nc6 3. Bb5 a6 4. Ba4 Nf6 5. O-O Be7 6. Re1 b5 7. Bb3 O-O 8. c3
d6 9. h3 Bb7 10. d4 Re8 11. Ng5 Rf8 12. Nf3 Nd7 13. Nbd2 exd4 14. cxd4 Bf6 15.
Nf1 Re8 16. Rb1 g6 17. Ng3 Na5 18. Bc2 c5 19. d5 Nc4 20. b3 Ncb6 21. Nh2 Bc8
22. Rf1 a5 23. f4 a4 24. Ng4 Bd4+ 25. Kh2 axb3 26. axb3 Nf6 27. Nxf6+ Bxf6 28.
Be3 Ra2 29. Rf3 b4 30. Bd3 Bg7 31. Rf2 Ra7 32. Qf3 Ba6 33. Bxa6 Rxa6 34. Rd2
Nd7 35. Bf2 Ra3 36. Qd3 h5 37. Re2 Qf6 38. Be3 h4 39. Nf1 Qc3 40. Qb5 Nf6 41.
e5 dxe5 42. Bxc5 Raa8 43. Bxb4 Qd4 44. fxe5 Nxd5 45. Bd2 Rab8 46. Qa6 Re6 47.
Qa2 Rxe5 48. Rxe5 Bxe5+ 49. Kh1 Qf2 50. Qa5 Rxb3 51. Re1 Nf4 52. Bxf4 Bxf4 53.
Qa8+ Kg7 54. Qe4 Rb2 55. Rd1 Bc7 56. Nh2 Re2 57. Qf3 Qg3 58. Qxg3 Bxg3 59. Nf3
Ra2 60. Kg1 f5 61. Kf1 Kf6 62. Rd2 Ra1+ 63. Ke2 g5 64. Rd1 Ra2+ 65. Rd2 Ra4 66.
Rc2 g4 67. Nd2 gxh3 68. gxh3 Kg5 69. Rc4 Ra2 70. Kd3 Kf6 71. Nf3 Ra3+ 72. Ke2
f4 73. Nxh4 Bxh4 74. Rxf4+ Kg5 75. Rg4+ Kh5 76. Re4 Bf6 77. Re3 Ra2+ 78. Kd3
Kg6 79. h4 Rh2 80. h5+ Kf5 81. h6 Bg5 82. Re8 Bxh6 83. Re2 Rh1 84. Kc2 Rh3 85.
Kb2 Be3 86. Kc2 Ke4 87. Kb2 Kd3 88. Rg2 Rh8 89. Kb1 Rh1+ 90. Ka2 Bd4 91. Rg8
Ra1+ 92. Kb3 Rb1+ 93. Ka2 Rb5 94. Rg3+ Kc4 95. Rg4 Rh5 96. Rg8 Rh2+ 97. Kb1 Bc3
98. Rb8 Re2 99. Rb7 Be5 100. Rb6 Kd3 101. Rb5 Bd4 102. Rb4 Bc3 103. Rh4 Re1+
104. Ka2 Kc2 105. Rh2+ Bd2 106. Rh3 Re5 107. Rb3 Ra5+ 108. Ra3 Rb5 109. Rh3 Rb8
110. Rg3 Bf4 111. Rf3 Rb4 112. Rf2+ Bd2 113. Rf3 Rh4 114. Rg3 Rh8 115. Rb3 Bc3
116. Rb2+ Kd3 117. Rb7 Rh1 118. Rb1 Rh8 119. Rb7 Bd4 120. Rb3+ Kc4 121. Rb7 Rh1
0-1

[Event "Superettan(Upsala-Helsingborg)"]
[Site "?"]
[Date "2024.03.08"]
[Round "7"]
[White "Rosell, Tomas"]
[Black "Malm Lindberg, Henrik"]
[Result "1-0"]
[WhiteElo "2156"]
[BlackElo "2126"]
[PlyCount "67"]
[SourceVersionDate "2024.03.16"]

1. e4 c5 2. Nc3 Nc6 3. f4 g6 4. Nf3 Bg7 5. Bb5 Nd4 6. O-O Nxb5 7. Nxb5 d5 8.
exd5 a6 9. Nc3 Nf6 10. d4 cxd4 11. Qxd4 O-O 12. Ne5 Bf5 13. Rf2 Rc8 14. h3 h5
15. Be3 Qd6 16. Re2 Rfd8 17. Rd1 Qb8 18. Bf2 Be6 19. dxe6 Rxd4 20. exf7+ Kh7
21. Rxd4 Rf8 22. g4 hxg4 23. hxg4 Qc8 24. f5 gxf5 25. Be3 Nxg4 26. Rh2+ Nxh2
27. Rh4+ Bh6 28. Kxh2 f4 29. Bxf4 Qf5 30. Rxh6+ Kg7 31. Rg6+ Qxg6 32. Nxg6 Kxg6
33. Kg2 Rxf7 34. Be3 1-0

[Event "Superettan(SS 4 Springare-Lulea)"]
[Site "?"]
[Date "2024.03.08"]
[Round "7"]
[White "Larkin, Vladyslav"]
[Black "Wulkan, Martin"]
[Result "1-0"]
[WhiteElo "2484"]
[BlackElo "2243"]
[PlyCount "81"]
[SourceVersionDate "2024.03.15"]

1. e4 e5 2. Nf3 Nc6 3. Bb5 a6 4. Ba4 d6 5. c3 Bd7 6. O-O g6 7. h3 Bg7 8. d4 Nf6
9. Re1 b5 10. Bc2 O-O 11. a3 Re8 12. b3 Qc8 13. Bb2 Nh5 14. Bd3 Nf4 15. Bf1 Rb8
16. Nbd2 Qb7 17. Ra2 Qb6 18. Qa1 exd4 19. cxd4 d5 20. Ne5 Nxe5 21. dxe5 Bh6 22.
exd5 Nxd5 23. Ne4 Bf5 24. Bd4 Qe6 25. Nc5 Qc8 26. Qb2 Rb6 27. Raa1 Rc6 28. Rad1
Nf4 29. b4 Ne6 30. g4 Nxc5 31. Bxc5 Be6 32. Bg2 Rxc5 33. bxc5 Bc4 34. Bd5 Bxd5
35. Rxd5 Qe6 36. Qd4 Bg5 37. Rd7 Qb3 38. Kg2 Re6 39. Rxc7 Qxa3 40. Qd7 Be7 41.
Qe8+ 1-0

[Event "Superettan(Upsala-Helsingborg)"]
[Site "?"]
[Date "2024.03.08"]
[Round "7"]
[White "Wagner, Stephan"]
[Black "Kristensen, Kare Hove"]
[Result "1/2-1/2"]
[WhiteElo "2264"]
[BlackElo "2303"]
[PlyCount "22"]
[SourceVersionDate "2024.03.16"]

1. c4 c5 2. g3 Nf6 3. Bg2 d5 4. cxd5 Nxd5 5. Nc3 Nc7 6. Nf3 Nc6 7. a3 Rb8 8. b4
cxb4 9. axb4 a6 10. Qb3 e6 11. b5 axb5 1/2-1/2

[Event "Superettan(SS 4 Springare-Lulea)"]
[Site "?"]
[Date "2024.03.08"]
[Round "7"]
[White "Marcussen, Arno"]
[Black "Seiger, Vidar"]
[Result "1/2-1/2"]
[WhiteElo "2185"]
[BlackElo "2034"]
[PlyCount "82"]
[SourceVersionDate "2024.03.15"]

1. d4 Nf6 2. Nf3 g6 3. e3 Bg7 4. Bd3 O-O 5. O-O d6 6. Nbd2 c5 7. c3 Nc6 8. dxc5
dxc5 9. Qe2 Qc7 10. e4 b6 11. Nc4 Bg4 12. a4 Nd7 13. h3 Bxf3 14. Qxf3 Nce5 15.
Qg3 Qc6 16. Nxe5 Nxe5 17. Bc2 c4 18. f4 Nd7 19. Qg5 Nc5 20. Re1 Rad8 21. e5 e6
22. a5 b5 23. Be3 a6 24. Rad1 Nd3 25. Bxd3 cxd3 26. Bb6 Rd5 27. Qg3 Qc4 28. Rd2
b4 29. Bd4 Bh6 30. Qh4 bxc3 31. bxc3 Bg7 32. Re3 Rxa5 33. Rexd3 Ra1+ 34. Kh2 a5
35. Bb6 Bxe5 36. Rd4 Qc6 37. fxe5 Qxb6 38. Qf6 Qb1 39. Rd8 Qg1+ 40. Kg3 Qe3+
41. Kh2 Qg1+ 1/2-1/2

[Event "Superettan(Upsala-Helsingborg)"]
[Site "?"]
[Date "2024.03.08"]
[Round "7"]
[White "Johansson, Thomas"]
[Black "Carlsson, Eric"]
[Result "1-0"]
[WhiteElo "2166"]
[BlackElo "2065"]
[PlyCount "63"]
[SourceVersionDate "2024.03.16"]

1. e4 d5 2. exd5 Qxd5 3. Nc3 Qd8 4. d4 c6 5. Bc4 Bf5 6. Nf3 e6 7. O-O Nf6 8.
Re1 Be7 9. Bf4 O-O 10. h3 Nbd7 11. Qe2 Nb6 12. Bb3 Nbd5 13. Bd2 Re8 14. Ne5 Nd7
15. Ne4 a5 16. a3 a4 17. Ba2 Nxe5 18. dxe5 Qc7 19. c4 Bxe4 20. Qxe4 Nb6 21.
Rac1 Nd7 22. Bb1 g6 23. Bh6 Qb6 24. Re2 Bc5 25. Rd1 Qc7 26. h4 Bf8 27. Bxf8
Rxf8 28. h5 Ra5 29. Red2 Rxe5 30. Rxd7 Qxd7 31. Rxd7 Rxe4 32. Bxe4 1-0

[Event "Superettan(SS 4 Springare-Lulea)"]
[Site "?"]
[Date "2024.03.08"]
[Round "7"]
[White "Poley, Vladimir"]
[Black "Liden, Tommy"]
[Result "1/2-1/2"]
[WhiteElo "2286"]
[BlackElo "2122"]
[PlyCount "132"]
[SourceVersionDate "2024.03.15"]

1. Nf3 d5 2. d4 e6 3. e3 f5 4. g4 fxg4 5. Ne5 Nf6 6. Bd3 Bd6 7. Nc3 O-O 8. Bd2
Bxe5 9. dxe5 Nfd7 10. Qxg4 Nxe5 11. Bxh7+ Kh8 12. Qh5 Nf3+ 13. Ke2 Qh4 14. Qxh4
Nxh4 15. Bd3 Nf3 16. Raf1 c6 17. Bg6 e5 18. h3 e4 19. Nb1 b6 20. c4 Ba6 21. Na3
Ne5 22. Rhg1 Rf6 23. Bh5 Nbd7 24. Bc3 Raf8 25. Rg2 Rh6 26. Rg5 Nf6 27. Bxe5
Nxh5 28. Rfg1 Rf7 29. b3 Kh7 30. Ke1 dxc4 31. Nxc4 Bxc4 32. bxc4 Nf6 33. R1g3
g6 34. Ke2 Nd7 35. Bd4 Re7 36. h4 Nf8 37. R3g4 Rh5 38. Rf4 Rxg5 39. hxg5 Kg8
40. Rh4 Kf7 41. Bf6 Re6 42. f4 exf3+ 43. Kxf3 Rd6 44. c5 Rd5 45. Ra4 Rd7 46.
Ra6 Rb7 47. e4 Nd7 48. Bd4 bxc5 49. Bc3 Nb6 50. Ra5 Nd7 51. Ke3 Ke6 52. Be1 c4
53. Kd4 Rb5 54. Rxa7 Rxg5 55. a4 Rg4 56. Ra6 Rxe4+ 57. Kxe4 Nc5+ 58. Kd4 Nxa6
59. Kxc4 g5 60. Kd4 Kf5 61. a5 g4 62. Bg3 Ke6 63. Ke4 c5 64. Bf2 Kd6 65. Bxc5+
Kxc5 66. Kf4 Kb5 1/2-1/2

[Event "Superettan(Upsala-Helsingborg)"]
[Site "?"]
[Date "2024.03.08"]
[Round "7"]
[White "Fallman, Micael"]
[Black "Hakansson, Stefan"]
[Result "1-0"]
[WhiteElo "1970"]
[BlackElo "1998"]
[PlyCount "105"]
[SourceVersionDate "2024.03.16"]

1. e4 d6 2. d4 Nf6 3. Nc3 Nbd7 4. Nf3 e5 5. Bc4 h6 6. a4 a5 7. O-O Be7 8. Re1
c6 9. Ba2 Qc7 10. d5 Nf8 11. Nd2 g5 12. Nc4 Ng6 13. Be3 Ra6 14. Rb1 Bd7 15. Qd3
c5 16. Nb5 Qc8 17. Bd2 Nf4 18. Qf1 Qd8 19. Bc3 Bxb5 20. axb5 Ra8 21. Rbd1 Nd7
22. Ne3 Nf6 23. Nf5 Qd7 24. Qc4 b6 25. Bd2 Ng6 26. c3 Bd8 27. Bb1 Ne7 28. Ne3
Ng4 29. Bd3 Nxe3 30. Bxe3 Ng6 31. Bf1 Nf4 32. g3 Ng6 33. Bg2 h5 34. f3 h4 35.
Qf1 Be7 36. Bh3 Qc7 37. Bf5 Rg8 38. Ra1 Bf6 39. Ra4 Ne7 40. Bg4 hxg3 41. hxg3
Ng6 42. Rea1 Bd8 43. b3 Rh8 44. Qg2 Qe7 45. b4 Rb8 46. bxa5 bxa5 47. c4 Nf8 48.
Bd2 Nd7 49. Bxa5 Nb6 50. Bxb6 Rxb6 51. Ra8 Qf6 52. Rc8 Qh6 53. Ra7 1-0

[Event "Superettan(SS 4 Springare-Lulea)"]
[Site "?"]
[Date "2024.03.08"]
[Round "7"]
[White "Pettersson, Tobias"]
[Black "Jakenberg, Jussi"]
[Result "0-1"]
[WhiteElo "2051"]
[BlackElo "2028"]
[PlyCount "62"]
[SourceVersionDate "2024.03.15"]

1. d4 d5 2. Nf3 e6 3. Bg5 Be7 4. Bxe7 Nxe7 5. e3 b6 6. c3 Nd7 7. Bd3 Bb7 8. O-O
O-O 9. Nbd2 c5 10. Rc1 Nc6 11. Bb1 Rc8 12. Qa4 a6 13. Qc2 g6 14. Qb3 c4 15. Qd1
f5 16. b3 b5 17. bxc4 bxc4 18. Bc2 e5 19. Rb1 Ba8 20. dxe5 Ncxe5 21. Nd4 Qa5
22. N2f3 Nxf3+ 23. Qxf3 Qxc3 24. h4 Ne5 25. Qf4 Nc6 26. Ba4 Nxd4 27. exd4 Qa5
28. Bd7 Qc7 29. Be6+ Kg7 30. Qe3 Rce8 31. Rfe1 Rf6 0-1

[Event "Superettan(Upsala-Helsingborg)"]
[Site "?"]
[Date "2024.03.08"]
[Round "7"]
[White "Nilsson Hask, Patrik"]
[Black "Bernhard, Jonathan"]
[Result "1-0"]
[WhiteElo "2078"]
[BlackElo "2053"]
[PlyCount "113"]
[SourceVersionDate "2024.03.16"]

1. d4 d5 2. Bf4 c5 3. e3 Nc6 4. Nf3 cxd4 5. exd4 Bf5 6. c3 e6 7. Nbd2 Bd6 8.
Bxd6 Qxd6 9. Be2 Nf6 10. O-O O-O 11. Nh4 Be4 12. f3 Bg6 13. Nxg6 hxg6 14. Qe1
Nh5 15. g3 e5 16. dxe5 Qxe5 17. Bb5 Qd6 18. Qf2 Ne5 19. Rad1 Rfd8 20. Nb3 a6
21. Be2 Rac8 22. f4 Nc4 23. Rd4 Nf6 24. Bf3 a5 25. g4 a4 26. Nc1 Qb6 27. b3
axb3 28. axb3 Nd6 29. Rd3 Qxf2+ 30. Rxf2 b5 31. Na2 Nde4 32. Rb2 g5 33. fxg5
Nxg5 34. Kg2 Nxf3 35. Kxf3 g5 36. Nb4 Kg7 37. Ra2 Kg6 38. Ra6 Rc5 39. Rc6 Rc8
40. Rxc8 Rxc8 41. h3 Rh8 42. Ke2 Re8+ 43. Re3 Rd8 44. Kd3 Ne4 45. Re2 Nc5+ 46.
Kc2 Ne6 47. Rf2 Rh8 48. Nxd5 Rxh3 49. Ne7+ Kg7 50. Nf5+ Kg8 51. Nd6 b4 52. cxb4
Nd4+ 53. Kd1 Rxb3 54. Nxf7 Ne6 55. Rf6 Rxb4 56. Nh6+ Kg7 57. Rxe6 1-0

[Event "Superettan(SS 4 Springare-Lulea)"]
[Site "?"]
[Date "2024.03.08"]
[Round "7"]
[White "Mattsson, Michael"]
[Black "Hart, Alexander"]
[Result "1-0"]
[WhiteElo "2043"]
[BlackElo "1996"]
[PlyCount "103"]
[SourceVersionDate "2024.03.15"]

1. e4 c6 2. d4 d5 3. Nc3 dxe4 4. Nxe4 Nd7 5. Bc4 Ngf6 6. Nxf6+ Nxf6 7. c3 g6 8.
Nf3 Bg7 9. O-O O-O 10. h3 Bf5 11. Re1 Be4 12. Bg5 Bd5 13. Qe2 Bxc4 14. Qxc4 e6
15. Ne5 Qc7 16. a4 Nd5 17. Bh4 Rac8 18. Bg3 Qe7 19. a5 c5 20. dxc5 Rxc5 21. Qb3
a6 22. Nc4 Rd8 23. Rad1 Rb5 24. Qc2 Nf6 25. Bd6 Qe8 26. Bc7 Rxd1 27. Rxd1 Rd5
28. Nb6 Rxd1+ 29. Qxd1 h5 30. Be5 Qe7 31. Qd4 Ne8 32. Bxg7 Nxg7 33. Nd7 Ne8 34.
Kf1 Qg5 35. b4 Qc1+ 36. Ke2 Qc2+ 37. Ke1 Qc1+ 38. Ke2 Qc2+ 39. Ke3 Qf5 40. Qc5
Qxc5+ 41. Nxc5 Nd6 42. Nd7 f5 43. Kd4 Kf7 44. f4 Nb5+ 45. Kd3 Ke7 46. Ne5 Kf6
47. c4 Nd6 48. h4 Ne4 49. Kd4 Ng3 50. Nd7+ Ke7 51. Nc5 Ne2+ 52. Ke3 1-0

[Event "Superettan(Upsala-Helsingborg)"]
[Site "?"]
[Date "2024.03.08"]
[Round "7"]
[White "Fernandez, Juan Pablo"]
[Black "Rothman, Peter"]
[Result "1/2-1/2"]
[WhiteElo "2040"]
[BlackElo "2108"]
[PlyCount "49"]
[SourceVersionDate "2024.03.16"]

1. c4 e5 2. g3 Nf6 3. Bg2 d5 4. cxd5 Nxd5 5. Nf3 Nc6 6. O-O Be7 7. d4 exd4 8.
Nxd4 Nxd4 9. Qxd4 Nf6 10. Qa4+ c6 11. Rd1 Qb6 12. Be3 Bc5 13. Bxc5 Qxc5 14. b4
Qb6 15. Na3 O-O 16. b5 Bd7 17. bxc6 Bxc6 18. Bxc6 bxc6 19. Nc4 Qb5 20. Qc2 Qh5
21. Ne3 Rac8 22. Rd6 Rfe8 23. Rad1 c5 24. Qc4 h6 25. Kg2 1/2-1/2

[Event "Superettan(Schack 08-Burgsvik)"]
[Site "?"]
[Date "2024.03.08"]
[Round "7"]
[White "Haitin, Ilja"]
[Black "Nyander, Joakim"]
[Result "1/2-1/2"]
[WhiteElo "2284"]
[BlackElo "2186"]
[PlyCount "114"]
[SourceVersionDate "2024.03.14"]

1. d4 d5 2. c4 dxc4 3. Nf3 Nf6 4. e3 Bg4 5. Bxc4 e6 6. h3 Bh5 7. O-O Nc6 8. Nc3
Bd6 9. b3 O-O 10. Bb2 a6 11. Be2 Qe7 12. a3 Nd5 13. b4 f5 14. Qb3 Bf7 15. Qc2
Bg6 16. Bd3 Bh5 17. Nd2 Qg5 18. Nxd5 exd5 19. f4 Qg3 20. Nf3 Rae8 21. Qf2 Qxf2+
22. Kxf2 Bxf3 23. gxf3 Ne7 24. Rg1 Kf7 25. Rg5 g6 26. h4 Rg8 27. h5 Kf6 28. Rh1
Rh8 29. Rh4 h6 30. Rg2 g5 31. fxg5+ hxg5 32. Rh1 Rh6 33. e4 Bf4 34. e5+ Ke6 35.
Bc1 Bxc1 36. Rxc1 Rxh5 37. Rxc7 Nc6 38. f4 Nxd4 39. fxg5 Rh3 40. Rg3 Rxg3 41.
Kxg3 Kxe5 42. Rxb7 Rg8 43. Re7+ Ne6 44. Bxa6 Rxg5+ 45. Kf2 Kd6 46. Rf7 Rh5 47.
Bc8 Nd4 48. a4 Rh2+ 49. Kg3 Rb2 50. a5 f4+ 51. Kg4 f3 52. a6 Rxb4 53. Kg3 Ra4
54. Rd7+ Kc6 55. Rf7 Kd6 56. Rd7+ Kc6 57. Rf7 Kd6 1/2-1/2

[Event "Superettan(Rockaden, Sthlm II-Skara)"]
[Site "?"]
[Date "2024.03.08"]
[Round "7"]
[White "Jacobson, Erik"]
[Black "Berovski, Krum"]
[Result "0-1"]
[WhiteElo "2320"]
[BlackElo "2187"]
[PlyCount "71"]
[EventDate "2024.??.??"]
[SourceVersionDate "2024.03.15"]

1. e4 e6 2. d4 d5 3. Nc3 Bb4 4. e5 c5 5. a3 Bxc3+ 6. bxc3 Bd7 7. Qg4 g6 8. dxc5
Nc6 9. Nf3 Qa5 10. Bd2 Qxc5 11. Bd3 O-O-O 12. O-O f5 13. Qg3 Nge7 14. Rfb1 a6
15. Rb3 Rdf8 16. Rab1 Na5 17. Be3 Qc6 18. Rb6 Qa4 19. Bc5 Nec6 20. Bxa6 bxa6
21. Bd6 Be8 22. Qg5 Rf7 23. Rb8+ Kd7 24. R8b2 Qe4 25. Qc1 h6 26. Nd2 Qe2 27.
Nf3 Qc4 28. Qe3 d4 29. cxd4 Kc8 30. d5 Qxd5 31. Qb6 Rb7 32. Qxa6 Rhh7 33. Rb5
Nb8 34. Bxb8 Bxb5 35. Qxa5 Bc6 36. Qa6 0-1